000 01351nam a2200361 i 4500
001 41189
003 Mx-PuUPA
005 20250613093150.0
008 140415s2013 sp gr 001 0 spa d
017 _aM- 15874-2013
020 _a9788498794489
040 _cMx-PuUPA
_aMx-PuUPA
_bspa
_dMx-PuUPA
_erda
041 1 _aspa
_hger
100 1 _aFeuerbach, Ludwig,
_d1804-1872
_eautor
_917185
240 1 4 _aDas Wesen des Christentums.
_lEspañol
245 1 3 _aLa esencia del cristianismo/
_cLudwig Feuerbach ; traducción de José L. Iglesias ; prólogo de Manuel Cabada Castro
250 _aQuinta edición
264 1 _aMadrid, España :
_bEditorial Trotta,
_c2013
300 _a398 páginas ;
_c23 cm
336 _2rdacontent
_atexto
_btxt
337 _2rdamedia
_asin medio
_bn
338 _2rdacarrier
_avolumen
_bnc
650 7 _2armarc
_aReligión
_xFilosofía
650 7 _2armarc
_aCristianismo
_xLiteratura controvertida
650 7 _2armarc
_aCristianismo
_xEsencia, genio, naturaleza
700 1 _aIglesias, José L.,
_etraductor
700 1 _aCabada Castro, Manuel,
_eprologuista
765 1 _aFeuerbach, Ludwig
_tDas Wesen des Christentums
942 _2ddc
_cLI
_h230
_iF4218
999 _c41189
_d41189